Normal view
MARC view
Entry Término temático
001 - NÚMERO DE CONTROL
- campo de control: 89306
003 - IDENTIFICADOR DEL NÚMERO DE CONTROL
- campo de control: DO-SdBNP
005 - FECHA Y HORA DE LA ÚLTIMA TRANSACCIÓN
- campo de control: 20260410085608.0
008 - DATOS DE LONGITUD FIJA
- campo de control de longitud fija: 260410|| aza||aabn | a|a d
040 ## - FUENTE DE LA CATALOGACIÓN
- Centro catalogador/agencia de origen: DO-SdBNP
- Centro/agencia transcriptor: DO-SdBNP
150 ## - ENCABEZAMIENTO--TÉRMINO DE MATERIA
- Término de materia o nombre geográfico como elemento de entrada: Pintura dominicana
- Subdivisión cronológica: Siglo XX
- Subdivisión de forma: Catalogos
670 ## - FUENTE DE DATOS ENCONTRADOS
- Cita de la fuente: Work cat.: (DO-SdBNP)37739: Tolentino, Marianne de 15222, Cándido Bidó :, 1989.
